000 00344nam a22001217a 4500
999 _c2279
_d2279
005 20200910161834.0
008 200910b ||||| |||| 00| 0 eng d
020 _a14169
040 _cCML
245 _aAn Outline of American History.
_cWood ,N.
260 _aNew York
_bColumbia
_c1976
942 _2ddc
_cBK
_e1st Edition
_h973
_mWOO